Normal view
MARC view
- الرسائل في صدر الاسلام- عهد النبوة
Entry Topical Term
001 - CONTROL NUMBER
- control field: 18975
003 - CONTROL NUMBER IDENTIFIER
- control field: JO-AjAnu
005 - DATE AND TIME OF LATEST TRANSACTION
- control field: 20230606073325.0
008 - FIXED-LENGTH DATA ELEMENTS
- fixed length control field: 230606|| aca||aabn | a|a d
040 ## - CATALOGING SOURCE
- Original cataloging agency: JO-AjAnu
- Transcribing agency: JO-AjAnu
150 ## - HEADING--TOPICAL TERM
- Topical term or geographic name entry element: الرسائل في صدر الاسلام- عهد النبوة
670 ## - SOURCE DATA FOUND
- Source citation: Work cat.: (JO-AjAnu)9736: قميحة، جابر, author 18974, أدب الرسائل في صدر الإسلام : عهد النبوة، ج1